| 000 | 00819nam a2200265Ia 4500 | ||
|---|---|---|---|
| 003 | OSt | ||
| 005 | 20220928130623.0 | ||
| 006 | a|||||r|||| 00| 0 | ||
| 007 | ta | ||
| 008 | 220927b |||||||| |||| 00| 0 eng d | ||
| 020 | _c17706.389999999999 | ||
| 024 | _a118358 | ||
| 037 |
_b244, 21/11/2012, Classic Book Service _cTextual |
||
| 040 |
_aSDCL _cSDCL _beng |
||
| 041 |
_2eng _aeng |
||
| 082 | _aS:843g, P0;1 | ||
| 100 |
_aRappaport Julian _9454720 |
||
| 245 | 0 | _aHandbook of Community Psychology. | |
| 260 |
_aNew York _b Kluwer Academic _c2000 |
||
| 300 |
_axxii,1011p _ccm. |
||
| 650 | _aReference | ||
| 700 |
_a Seidman Edward Ed. _9475122 |
||
| 942 |
_hS:843g, P0;1 _cTEXL _2CC |
||
| 999 |
_c787661 _d787661 |
||